004780000a2200121000450024501620000026000090016204400130017104100140018465100320019870000330023010000410026377300520030410aCriterios para definir un plan de manejo que lleve a un desarrollo sostenible del ecoturismo en el Santuario de Fauna y Flora de Iguaque (Boyacá- Colombia) c2005 aColombia0 aEspañol 4dBoyacálLaguna de Iguaque1 aPuertas Dellepianes, Ernesto1 aGutierrez Fernández, Luis Fernando1 tAmbiente y desarrolloh15/16q99-117d2004/2005